Statistiche per Riconosci l'Allenatore dalla Carriera - Italia - Quiz n°4

Clicka qui per fare il quiz!

Statistiche generali

  • Questo quiz è stato fatto 46 volte
  • Il punteggio medio è 10 su 14

Statistiche sulle risposte

CarrieraAllenatore% Corretto
Arezzo 2006. Arezzo 2007, Bari 2007-2009, Atalanta 2009-2010, Siena 2010-2011, Juventus 2011-2014, Italia 2014-2016, Chelsea 2016-2018, Inter 2019-2021, Tottenham 2021-Antonio Conte
98%
Stia 1991, Faellese 1991-1993, Cavriglia 1993-1996, Antella 1996-1998, Valdema 1998-1999, Tegoleto 1999-2000, Sansovino 2000-2003, Sangiovannese 2003-2005, Pescara 2005-2006, Arezzo 2006-2007, Avellino 2007, Hellas Verona 2007-2008, Perugia 2008-2009, Grosseto 2010, Alessandria 2010-2011, Sorrento 2011, Empoli 2012-2015, Napoli 2015-2018, Chelsea 2018-2019, Juventus 2019-2020, Lazio 2021-Maurizio Sarri
90%
Milan 1975-1976, Juventus 1976-1986, Inter 1986-1991, Bayern Monaco 1994-1995, Cagliari 1995-1996, Bayern Monaco 1996-1998, Fiorentina 1998-2000, Italia 2000-2004, Benfica 2004-2005, Stoccarda 2005-2006, Salisburgo 2006-2008, Irlanda 2008-2013Giovanni Trapattoni
88%
Darfo Boario 2013-2014, Foggia 2014-2016, Palermo 2016, Benevento 2017-2018, Sassuolo 2018-2021, Shakhtar Donetsk 2021-2022, Brighton 2022-Roberto De Zerbi
85%
Milan 1987, Milan 1991-1996, Real Madrid 1996-1997, Milan 1997-1998, Roma 1999-2004, Juventus 2004-2006, Real Madrid 2006-2007, Inghilterra 2007-2012, Russia 2012-2015, Jiangsu Suning 2017-2018Fabio Capello
78%
Milan 2014-2015, Venezia 2016-2018, Bologna 2018-2019, Benevento 2019-2021, Brescia 2021-2022, Reggina 2022-Filippo Inzaghi
75%
Lecco 2001-2002, Livorno 2002-2003, Genoa 2003, Livorno 2005-2006, Italia 2006-2008, Napoli 2009, Cagliari 2010-2011, Parma 2012-2015, Bologna 2015-2018, Shenzhen 2019-2020Roberto Donadoni
73%
Sambenedettese 2004-2005, Cagliari 2005, Pescara 2006, Cagliari 2007-2008, Palermo 2008-2009, Lazio 2009-2010, Genoa 2010-2011, Cagliari 2011-2012, Genoa 2013, Bologna 2014, Palermo 2015-2016, Genoa 2017-2018, Genoa 2020-2021, Cremonese 2023-Davide Ballardini
70%
Olginatese 2014, Borgosesia 2015-2017, Fiorenzuola 2017-2018, Imolese 2018-2019, Venezia 2019-2020, Empoli 2020-2021, Sassuolo 2021-Alessio Dionisi
68%
Molinella 1979-1980, Monselice 1980-1981, Pordenone 1981, Monselice 1982-1983, Pro Gorizia 1983-1984, Treviso 1984-1985, Mestre 1985-1986, Varese 1987, Pescara 1989-1990, Cosenza 1990-1992, Hellas Verona 1992-1993, Bologna 1993-1994, Lecce 1994-1995, Brescia 1996-1997, Torino 1997-1998, Vicenza 1999-2001, Genoa 2001-2002, Catania 2003, Cagliari 2003-2004, Napoli 2005-2009, Hajduk Spalato 2009-2010, Lazio 2010-2012, Lazio 2014, Atalanta 2015-2016, Albania 2019-2022Edoardo Reja
63%
Portogruaro-Summaga 2010, Crotone 2010-2011, Frosisone 2011-2012, Chievo 2012-2014, Palermo 2016-2017, Novara 2017-2018, Brescia 2018-2020, Lecce 2020-2021, Brescia 2022, Palermo 2022-Eugenio Corini
48%
Virtus Lanciano 2014-2016, Parma 2016-2020, Parma 2021, Sampdoria 2021-2022Roberto D'Aversa
45%
Cesena 2002-2003, Vicenza 2003-2004, Piacenza 2004-2007, Chievo 2007-2008, Brescia 2009-2010, Brescia 2011, Sampdoria 2011-2012, Siena 2012-2013, Palermo 2013-2015, Palermo 2016, Udinese 2016, Sassuolo 2017-2018, Empoli 2018-2019, Fiorentina 2019-2020, Fiorentina 2021, Parma 2021-2022Giuseppe Iachini
43%
Siena 1978-1979, Mantova 1979-1980, Triestina 1980-1981, Atalanta 1981-1983, Avellino 1983-1984, Como 1984-1985, Napoli 1985-1989, Roma 1990-1992, Napoli 1992-1993, Inter 1994-1995, Fiorentina 2001-2002Ottavio Bianchi
33%

Distribuzione punteggi

Percentile per numero di risposta

Percentuale di utenti per punteggio

I tuoi punteggi nel tempo

Non hai fatto questo quiz